Katseye nationalities! - Statistics

General Stats
  • This quiz has been taken 104 times
    72 since last reset
  • The average score is 13 of 17
Answer Stats
Country % Correct
Lara India
98%
Lara United States
95%
Megan United States
95%
Daniela United States
95%
Yoonchae South Korea
92%
Megan China
86%
Daniela Cuba
78%
Sophia Philippines
78%
Manon Switzerland
78%
Manon Ghana
70%
Daniela Venezuela
70%
Daniela Italy
63%
Manon Italy
63%
Megan Singapore
52%
Lara Sri Lanka
51%
Megan Sweden
49%
Daniela Germany
46%
No matching quizzes found
Score Distribution
Percent of People with Each Score
Percentile by Number Answered
Your Score History
You have not taken this quiz since the last reset